| 000 | 00660nam a2200205Ia 4500 | ||
|---|---|---|---|
| 003 | GCL | ||
| 008 | 140319s9999 xx 000 0 ara d | ||
| 020 | _a5077345977 | ||
| 040 |
_aGCL / _cGCL |
||
| 082 | 0 | 4 |
_a001.42 _bأ إ |
| 100 | 1 | _aاليسون، بريان | |
| 245 | 1 | 0 |
_aاعداد الرسائل العلمية والجامعية / _cاليسون، بريان |
| 260 |
_aالقاهرة : _bدار الفاروق للنشر والتوزيع ، _c2001 |
||
| 300 |
_a64 ص ؛ _c24 سم |
||
| 650 | 0 | 4 | _aطرق البحث |
| 650 | 0 | 4 | _aالبحث |
| 650 | 0 | 4 | _aالرسائل الجامعية |
| 650 | 0 | 4 | _aكتابة الرسائل |
| 942 |
_2ddc _cBK |
||
| 999 |
_c5560 _d5560 |
||